| LEADER 00000nam 2200000uu 4500 |
| 001 213874 |
| 003 ULIBM |
| 008 020711s2563 th a 000 0 tha d |
| 041 ^atha
|
| 050 4 ู^aHV5770.T5 ถ291 2563
|
| 245 ถอดบทเรียนสถาบันอุดมศึกษาปลอดบุหรี่:^bการปฏิบัติตาม พ.ร.บ. ควบคุมผลิตภัณฑ์ยาสูบ พ.ศ.2560 และกฎหมายที่เกี่ยวกับบุหรี่ไฟฟ้า/^cโครงการพัฒนาสถาบันอุดมศึกษาปลอดบุหรี่ เพื่อสุขภาวะ
|
| 260 กรุงเทพฯ :^bโครงการพัฒนาสถาบันอุดมศึกษาปลอดบุหรี่ เพื่อสุขภาวะ,^c2563
|
| 300 139 หน้า :^bภาพประกอบ ;^c21 ซม.
|
| 650 4 ^aการสูบบุหรี่|xการป้องกันและควบคุม.
|
| 650 4 ^aการสูบบุหรี่.
|
| 650 4 ^aยาสูบ|xกฎหมายและระเบียบข้อบังคับ.
|
| 710 2 ^aโครงการพัฒนาสถาบันอุดมศึกษาปลอดบุหรี่ เพื่อสุขภาวะ
|
| 999 ^aใช้งานได้ทุกระบบ
|